Music Quiz

Random Music or Missing Word Quiz

Missing Word: Great American Songbook - Johnny Mercer Quiz Stats

 Plays Quiz not verified by Sporcle

Also try: Bands of All Sizes
Challenge
Share
Tweet
Embed
Score 0/24 Timer 04:00
0 Plays Today
Hint Answer % Correct
You Must Have Been a Beautiful ____Baby
91.3%
Something's Gotta ____Give
89.1%
I'm an ___ Cow Hand (From the Rio Grande)Old
89.1%
_____ Rush InFools
89.1%
_______ CreepersJeepers
89.1%
I Can't Teach My Old Heart ___ TricksNew
87%
I Remember ___You
87%
___ Marvelous for WordsToo
84.8%
Just a _____ EveningQuiet
84.8%
Moon _____River
82.6%
Days of ____ and RosesWine
82.6%
Cuckoo __ the ClockIn
82.6%
Hint Answer % Correct
____ and TellKiss
82.6%
Autumn ______ Leaves
80.4%
And the Angels ____Sing
71.7%
That Old Black _____Magic
71.7%
_____ We KissUntil
71.7%
In the ____, ____, ____ of the EveningCool
71.7%
Ac-Cent-Tchu-Ate the ________Positive
69.6%
Hooray for __________Hollywood
65.2%
__________ Is Ticketty-BooEverything
56.5%
In the ______ (Where the Evening Sun Goes Down)Valley
52.2%
Satin ____Doll
52.2%
On the ________, Topeka and the Santa FeAtchison
45.7%

You're not logged in!

Compare scores with friends on all Sporcle quizzes.
Join for Free
OR
Log In

You Might Also Like...

Show Comments

Extras

Top Quizzes Today


Score Distribution

Your Account Isn't Verified!

In order to create a playlist on Sporcle, you need to verify the email address you used during registration. Go to your Sporcle Settings to finish the process.

Report this User

Report this user for behavior that violates our Community Guidelines.

Details: